000 02288cam a2200601Ia 4500
001 sjds1081109
003 sjds
005 20170615152837.0
008 040218|20052005nyua a 000 1 eng
010 _a 2004042464
020 _a0060560614 (trade)
020 _a0060560630 (lib. bdg.)
020 _a9780060560614 (trade)
020 _a9780060560638 (lib. bdg.)
020 _a9780060560614
_c$17.99
020 _a0060560614
_c$17.99
035 _a290612
035 _a(OCoLC)54758730
035 _a290612
040 _aDLC
_cDLC
_dXY4
_dWIQ
_dEHH
_dBAKER
_dTEF
_dUtOrBLW
041 0 _aeng
_aspa
049 _aIFAA
099 _f2005
999 _c17483
_d17483
999 _bESPANOL PICTURE BOOKS GIBSON 2005
100 1 _aGuy, Ginger Foglesong,
_eauthor.
245 1 0 _aSiesta /
_cby Ginger Foglesong Guy [ie, Ginger Foglesong Gibson] ; pictures by René King Moreno.
250 _aFirst edition.
260 _aNew York :
_bGreenwillow Books,
_cc2005
264 1 _aNew York :
_bGreenwillow Books,
_c[2005]
264 4 _cc2005
300 _a1 volume (unpaged) :
_bcolor illustrations ;
_c21 x 26 cm
336 _atext
_btxt
_2rdacontent
337 _aunmediated
_bn
_2rdamedia
338 _avolume
_bnc
_2rdacarrier
520 _aUn hermano y una hermana y su oso de felpa recogen diferentes cosas que necesitan para una siesta que van a tomar en el jardín.
520 _aA brother and sister and their teddy bear go through the house gathering items they will need for their siesta in the back yard.
521 1 _a4 up.
521 8 _aBR
_bLexile
526 0 _aAccelerated Reader
_bLG
_c0.7
_d0.5
_z86844
546 _aText in English and Spanish.
650 0 _aNaps (Sleep)
_vJuvenile fiction.
650 0 _aBrothers and sisters
_vJuvenile fiction.
650 0 _aTeddy bears
_vJuvenile fiction.
650 0 _aSpanish language materials
_xBilingual
_vJuvenile literature.
650 7 _aSiestas (Sueño)
_vNovela juvenil.
_2local
650 7 _aHermanos
_vNovela juvenil.
_2bidex
650 7 _aOsos de felpa
_vNovela juvenil.
_2bidex
650 7 _aMateriales bilingües en español
_vLiteratura juvenil.
_2bidex
700 1 _aMoreno, Rene King,
_eillustrator.
800 1 _aGibson, Ginger Foglesong.
_tSiesta.
800 1 _aGibson, Ginger Foglesong.
_tSiesta.
_lEnglish.
942 _cBK